000 01051nam a2200277Ia 4500
003 OSt
005 20221005105051.0
006 a|||||r|||| 00| 0
007 ta
008 221004b |||||||| |||| 00| 0 hin d
020 _a9789380172705 (pbk)
024 _a27366
037 _bGift, 22/07/2016,
_cTextual
040 _aCRL
_cCRL
_bhin
041 _2hin
_ahin
082 _aV1.N, Q4.1
100 _aमहाजन, स्नेह, संपा.
245 0 _aबीसवीं शताब्दी का विश्व इतिहास
_b एक झलक
246 _aBīsavīan shatābdī kā vishva itihāsa: ek zalaka
260 _aदिल्ली
_bहिंदी माध्यम कार्यान्वय निदेशालय भारत
_c2014
300 _a332पृ0
_ccm.
490 _vभाग 1
650 _aविश्व-इतिहास
942 _hV1.N, Q4.1
_cTEXL
_2cc
999 _c1014658
_d1014658